Titres des Chansons des Beatles traduites en français - Statistiques

Statistiques générales
  • Ce quiz a été pris 2 808 fois
  • Le résultat moyen est 13 sur 20
Statistiques - réponses
Traduction Titre original % Correct
À l'aide! Help!
97%
Oiseau Noir Blackbird
94%
Sous-marin Jaune Yellow Submarine
92%
Conduire Ma Voiture Drive My Car
85%
Quelque Chose Something
84%
Voici le Soleil Here Comes The Sun
83%
Lucie dans le Ciel avec des Diamants Lucy in the Sky with Diamonds
76%
Viennent Ensemble Come Together
75%
Je Veux Tenir Ta Main I Want To Hold Your Hand
74%
Des Champs de Fraises Pour Toujours Strawberry Fields Forever
63%
Ne Me Laisse Pas Tomber Don't Let Me Down
62%
Le Jardin de la Pieuvre Octopus's Garden
62%
Oignon en Verre Glass Onion
60%
Qu'il en soit ainsi Let It Be
48%
Nuit d'une dure journée A Hard Day's Night
44%
De Retour en URSS Back in the U.S.S.R.
44%
Avec un peu d'aide des mes amis With A Little Help From My Friends
43%
Pendant que Ma Guitare Pleure Doucement While My Guitar Gently Weeps
40%
Je l'ai Vue Debout Là I Saw Her Standing There
38%
Le Fou Sur La Colline The Fool On The Hill
29%
Aucun quiz correspondant
Distribution des résultats
% des personnes avec chaque résultat
Percentile par nombre de réponses
Votre historique - résultats
Vous n’avez pas pris ce quiz